Contabilidade pública : (Record no. 882)
[ view plain ]
| 000 -LÍDER | |
|---|---|
| Campo Fixo de Controle | 01159nam a2200313 a 4500 |
| 001 - NÚMERO DE CONTROLE | |
| Campo de Controle | 882 |
| 003 - IDENTIFICAÇÃO DO NÚMERO DE CONTROLE | |
| Campo de Controle | BR-CuiBMT |
| 005 - DATA E HORA DA ÚLTIMA ATUALIZAÇÃO | |
| Campo de Controle | 20231213130150.0 |
| 008 - DADOS FIXOS | |
| Dados Fixos | 231113s2009 spba 001 0 por d |
| 020 ## - INTERNATIONAL STANDARD BOOK NUMBER | |
| Nº do ISBN | 9788502067554 |
| 040 ## - AGÊNCIA CATALOGADORA | |
| Código da Agência Catalogadora | BR-CuiBMT |
| Agência que transcreveu o registro | BR-CuiBMT |
| 080 ## - Nº DA CLASSIFICAÇÃO DECIMAL UNIVERSAL | |
| Nº Class. CDU | 657:336.13 |
| Nº edição CDU | 2007 |
| 090 ## - NÚMERO DE CHAMADA | |
| Nº classificação | 657:336.13 |
| Cutter | A663c |
| Ano/Edição | 2. ed. |
| 100 1# - ENTRADA PRINCIPAL -- AUTOR PESSOAL | |
| Nome pessoal | Araújo, Inaldo da Paixão Santos, |
| Datas associadas ao nome | 1964- |
| 245 10 - TÍTULO PRINCIPAL | |
| Título principal | Contabilidade pública : |
| Subtítulo | da teoria à prática / |
| Indicação de responsabilidade | Inaldo Araújo, Daniel Arruda. |
| 250 ## - EDIÇÃO | |
| Edição | 2. ed., rev. e atual. |
| 260 ## - PUBLICAÇÃO, DISTRIBUIÇÃO, ETC. | |
| Local de publicação | São Paulo : |
| Editora | Saraiva, |
| Data | c2009. |
| 300 ## - DESCRIÇÃO FÍSICA | |
| N. páginas ou volumes | 319 p. : |
| Ilustrações | il. ; |
| Dimensões | 24 cm |
| 500 ## - NOTAS GERAIS | |
| Notas gerais | Informação da capa e folha de rosto: inclui as principais normas do STN e do CFC aplicadas ao setor público e exercícios preparatórios para concursos. |
| 504 ## - NOTA DE BIBLIOGRAFIA, ETC. | |
| Nota de bibliografia | Inclui bibliografia e índice. |
| 590 ## - NOTA LOCAL | |
| Nota local | A Biblioteca possui a 1. reimpr. 2009. |
| 650 ## - ASSUNTO TÓPICO | |
| Cabeçalho tópico ou nome geográfico | Contabilidade pública |
| Subdivisão geral | Legislação |
| Subdivisão geográfica | Brasil |
| 650 ## - ASSUNTO TÓPICO | |
| Cabeçalho tópico ou nome geográfico | Orçamento público |
| Subdivisão geral | Contabilidade |
| 650 ## - ASSUNTO TÓPICO | |
| Cabeçalho tópico ou nome geográfico | Despesa pública |
| Subdivisão geográfica | Brasil |
| 650 ## - ASSUNTO TÓPICO | |
| Cabeçalho tópico ou nome geográfico | Receita pública |
| 650 ## - ASSUNTO TÓPICO | |
| Cabeçalho tópico ou nome geográfico | Balanço financeiro |
| Subdivisão geográfica | Brasil |
| 700 1# - ENTRADA SECUNDÁRIA -- NOME PESSOAL | |
| Nome pessoal | Arruda, Daniel Gomes |
| 942 ## - ELEMENTOS DE ENTRADA ADICIONAIS (KOHA) | |
| Fonte de classificação ou esquema de arquivamento | Classificação Decimal Universal |
| Tipo de item do Koha | Livros |
| Estado: removido | Estado: perdido | Fonte de classificação ou esquema de arquivamento | Estado: danificado | Indisponível para empréstimo | Localização permanente | Localização atual | Data de aquisição | Total Checkouts | Número de Chamada completo | Código de barras | Date last seen | Número do exemplar | Preço efetivo a partir de | Tipo de item (Koha) | Nota pública |
|---|---|---|---|---|---|---|---|---|---|---|---|---|---|---|---|
| Classificação Decimal Universal | Biblioteca da Escola Superior de Contas do TCE/MT | Biblioteca da Escola Superior de Contas do TCE/MT | 02/04/2013 | 657:336.13 A663c 2. ed. | BIBTCEMT23110849 | 22/11/2023 | Ex. 1 | 22/11/2023 | Livros | 1. reimpr. 2009 | |||||
| Classificação Decimal Universal | Biblioteca da Escola Superior de Contas do TCE/MT | Biblioteca da Escola Superior de Contas do TCE/MT | 02/04/2013 | 657:336.13 A663c 2. ed. | BIBTCEMT23110851 | 22/11/2023 | Ex. 2 | 22/11/2023 | Livros | 1. reimpr. 2009 |